Thế Lữ Cây đàn muôn điệu

Sparad:
Bibliografiska uppgifter
Huvudupphovsman: Thao Nguyễn (Tuyển chọn)
Övriga upphovsmän: Vũ, Ngọc Phan, Trương, Chính, Bạch, Năng Nhi
Materialtyp: Bok
Publicerad: Hà Nội Văn Hóa Thông Tin 2013
Ämnen:
Taggar: Lägg till en tagg
Inga taggar, Lägg till första taggen!
Thư viện lưu trữ: Trung tâm Học liệu Lê Vũ Hùng, Trường Đại học Đồng Tháp
LEADER 01050pam a22003018a 4500
001 00041427
005 20180502110510.0
008 170515s2005 ||||||Viesd
020 # # |c 86000 
041 0 # |a Vie 
082 1 4 |a 895.922 134  |b TH250L 
100 1 # |e Tuyển chọn  |a Thao Nguyễn 
245 1 0 |b Cây đàn muôn điệu  |c Thao Nguyễn(Tuyển chọn); Vũ Ngọc Phan...[Và Những người khác]  |a Thế Lữ 
260 # # |c 2013  |a Hà Nội  |b Văn Hóa Thông Tin 
300 # # |a 352 tr.  |c 21 cm  |b Ảnh chân dung 
500 # # |a ĐTTS ghi : Tinh hoa văn học Việt Nam 
653 # # |a 1907 - 1989 
653 # # |a Nghiên cứu Văn học 
653 # # |a Văn học hiện đại 
653 # # |a Việt Nam 
653 # # |a Tác giả 
653 # # |a Thế Lữ 
700 1 # |a Vũ, Ngọc Phan 
700 1 # |a Trương, Chính 
700 1 # |a Bạch, Năng Nhi 
852 # # |j KD.0023573 
910 |d 02/05/2018 
980 # # |a Trung tâm Học liệu Lê Vũ Hùng, Trường Đại học Đồng Tháp